The Building Act 1984 (Record no. 106252)

MARC details
000 -LEADER
fixed length control field 01463cam a2200265 4500
001 - CONTROL NUMBER
control field ##L135935
008 - FIXED-LENGTH DATA ELEMENTS--GENERAL INFORMATION
fixed length control field 061219n2006 000 0 eng u
020 ## - INTERNATIONAL STANDARD BOOK NUMBER
International Standard Book Number 0117539775
-- 9780117539778
035 ## - SYSTEM CONTROL NUMBER
System control number (Sirsi) u135935
041 0# - LANGUAGE CODE
Language code of text/sound track or separate title eng
050 04 - LIBRARY OF CONGRESS CALL NUMBER
Classification number 692.2 $2 18
110 1# - MAIN ENTRY--CORPORATE NAME
Corporate name or jurisdiction name as entry element United Kingdom
Subordinate unit Department for Communities and Local Government
9 (RLIN) 4939
245 04 - TITLE STATEMENT
Title The Building Act 1984
Remainder of title The Building Regulations and the Building (Approved Inspectors Etc) Regulations 2000
260 ## - PUBLICATION, DISTRIBUTION, ETC.
Place of publication, distribution, etc. London
Name of publisher, distributor, etc. DCLG
Date of publication, distribution, etc. 2006
490 #0 - SERIES STATEMENT
Series statement DCLG Circular
Volume/sequential designation 05/2006
520 ## - SUMMARY, ETC.
Summary, etc. Draws attention to the Building and Approved Inspectors (Amendment) (No. 2) Regulations 2006 and the changes they make to the Building Regulations 2000 (Part B of Sched 1) and the Building (Approved Inspectors etc.) Regulations 2000. A key change is the introduction of a new requirement for the provisions of fire safety information. Announces the publication of the new Approved Documents B (L135938 and L135941), explains transitional provisions, and announces further provisions for self-certification.
590 ## - LOCAL NOTE (RLIN)
Local note KA NTK
650 24 - SUBJECT ADDED ENTRY--TOPICAL TERM
Topical term or geographic name entry element BUILDING REGULATIONS 2000
650 24 - SUBJECT ADDED ENTRY--TOPICAL TERM
Topical term or geographic name entry element BUILDING (APPROVED INSPECTORS ETC.) REGULATIONS 2000
650 24 - SUBJECT ADDED ENTRY--TOPICAL TERM
Topical term or geographic name entry element DCLG CIRCULAR 05/2006
651 #4 - SUBJECT ADDED ENTRY--GEOGRAPHIC NAME
Geographic name England and Wales
Chronological subdivision 1543-
690 ## - LOCAL SUBJECT ADDED ENTRY--TOPICAL TERM (OCLC, RLIN)
Topical term or geographic name as entry element Building regulations
9 (RLIN) 6224
856 40 - ELECTRONIC LOCATION AND ACCESS
Uniform Resource Identifier <a href="https://www.communities.gov.uk/index.asp?id=1505305">https://www.communities.gov.uk/index.asp?id=1505305</a>
Public note View the Circular free of charge at www.communities.gov.uk
942 ## - ADDED ENTRY ELEMENTS (KOHA)
Suppress in OPAC 0
Holdings
Withdrawn status Lost status Source of classification or shelving scheme Damaged status Not for loan Home library Current library Shelving location Date acquired Total Checkouts Full call number Barcode Date last seen Copy number Price effective from Koha item type
    Dewey Decimal Classification     Virtual Virtual Online 19/12/2006   ONLINE PUBLICATION 135935-2001 06/08/2019 1 06/08/2019 Book